Catálogo
 En Linea

El niño de la ciudad interior : (Registro nro. 23643)

Detalles MARC
000 -CABECERA
campo de control de longitud fija 00818nam a2200217 u 4500
001 - NÚMERO DE CONTROL
campo de control 000024149
005 - FECHA Y HORA DE LA ÚLTIMA TRANSACCIÓN
campo de control 20200930022747.0
008 - DATOS DE LONGITUD FIJA--INFORMACIÓN GENERAL
campo de control de longitud fija 110119s1977 ag 000 0 spa d
040 ## - FUENTE DE LA CATALOGACIÓN
Centro catalogador/agencia de origen DO-SdBNP
Lengua de catalogación spa
Centro/agencia transcriptor BNPHU
041 17 - CÓDIGO DE LENGUA
Código de lengua del texto/banda sonora o título independiente spa
Código de lengua original eng
Fuente del código Código de idiomas MARC
082 ## - NÚMERO DE LA CLASIFICACIÓN DECIMAL DEWEY
Número de clasificación nn*
Número de documento/Ítem nn*
049 ## - FONDOS LOCALES (OCLC)
Fondos de biblioteca BNGR
100 1# - ENTRADA PRINCIPAL--NOMBRE DE PERSONA
Nombre de persona Riessman, Frank.
9 (RLIN) 49584
240 14 - TÍTULO UNIFORME
Título uniforme The inner-city child.
Lenguaje de la obra Español
245 13 - MENCIÓN DE TÍTULO
Título El niño de la ciudad interior :
Resto del título educación del niño de familias con menos recursos /
Mención de responsabilidad, etc. Frank Riessman ; traducción de Floreal Mazía.
260 ## - PUBLICACIÓN, DISTRIBUCIÓN, ETC.
Lugar de publicación, distribución, etc. Buenos Aires :
Nombre del editor, distribuidor, etc. "Las Paralelas",
Fecha de publicación, distribución, etc. 1977.
300 ## - DESCRIPCIÓN FÍSICA
Extensión 175 p. ;
Dimensiones 20 cm.
534 ## - NOTA SOBRE LA VERSIÓN ORIGINAL
Encabezamiento principal del original Título original en inglés :
Mención de título del original The inner-city child
500 ## - NOTA GENERAL
Nota general Incluye referencias bibliográficas y notas al pie de las páginas.
700 1# - PUNTO DE ACCESO ADICIONAL--NOMBRE DE PERSONA
Nombre de persona Mazía, Floreal,
Término indicativo de función/relación tr.
9 (RLIN) 9797

No hay ítems disponibles.

Con tecnología Koha